مكتبة جامعة عجلون الوطنية

فهرس بحث المكتبة

Normal view MARC view
  • القليويى،سميحة

Entry Personal Name

Number of records used in: 1

001 - CONTROL NUMBER

  • control field: 32259

003 - CONTROL NUMBER IDENTIFIER

  • control field: JO-AjAnu

005 - DATE AND TIME OF LATEST TRANSACTION

  • control field: 20230606075425.0

008 - FIXED-LENGTH DATA ELEMENTS

  • fixed length control field: 230606|| aca||aabn | a|a d

040 ## - CATALOGING SOURCE

  • Original cataloging agency: JO-AjAnu
  • Transcribing agency: JO-AjAnu

100 ## - HEADING--PERSONAL NAME

  • Personal name: القليويى،سميحة

670 ## - SOURCE DATA FOUND

  • Source citation: Work cat.: (JO-AjAnu)16569: القليويى،سميحة, author, الاوراق التجارية : الكمبيالة ،السندلامر، الشيك، الشيك السياحي، الشيك المسطر، الشيك المعتمد، وسائل الدفع الحديثة